La matanza de San Gregorio 1921: crisis y tragedia

Furkejuvvon:
Bibliográfalaš dieđut
Váldodahkki: Recabarren Rojas, Floreal (Dahkki)
Materiálatiipa: Girji
Giella:espánnjágiella
Almmustuhtton: Santiago, Chile LOM 2003
Preanttus:Segunda edición
Ráidu:Historia
Fáttát:
Fáddágilkorat: Lasit fáddágilkoriid
Eai fáddágilkorat, Lasit vuosttaš fáddágilkora!

MARC

LEADER 00000nam a2200000 a 4500
001 UCL8827
003 CL-VaPUC
005 20220222074014.0
008 040709e20030000CL |||||||||||||||||spa|d
999 |c 309934  |d 309932 
020 |a 9562825515 
040 |c Pontificia Universidad Católica de Valparaíso 
082 0 4 |a 983.063 REC 2003  |2 21 
100 0 |a Recabarren Rojas, Floreal  |e author  |9 486765 
245 1 3 |a La matanza de San Gregorio 1921:  |b  crisis y tragedia 
250 |a Segunda edición 
260 |a Santiago, Chile  |b LOM  |c 2003 
300 |a 117 páginas 
490 0 |a Historia 
583 |a last modification  |c 20040709 00:00:00  |k Rodrigo Vera 
650 0 |a Movimientos sociales  |z CHILE  |9 315241 
650 7 |a HISTORIA DE CHILE  |2 CL-VaPUC  |9 486766  |y 1921 
650 0 |a Problemas sociales  |z CHILE  |9 258537 
650 0 |a Industria minera  |z CHILE  |9 260256 
650 0 |a Salitre  |z CHILE  |9 313872 
852 |a BIBCUR 
942 |c BK  |2 ddc 
945 |d 20040709 00:00:00  |a cmena 
952 |0 0  |1 0  |2 ddc  |4 0  |6 983_063000000000000_REC_2003  |7 0  |8 A  |9 377802  |a BIBHIS  |b BIBHIS  |d 2019-11-21  |i 4034856  |o 983.063 REC 2003  |p 4034856  |r 2025-01-20  |t 1  |w 2019-11-21  |y BK  |k HIS